ਯਯਾਤੀ / (Record no. 110051)
[ view plain ]
| 000 -LEADER | |
|---|---|
| fixed length control field | 01238nam a22002657a 4500 |
| 010 ## - LIBRARY OF CONGRESS CONTROL NUMBER | |
| LC control number | A-845260 |
| 020 ## - INTERNATIONAL STANDARD BOOK NUMBER | |
| Terms of availability | 150.00 |
| International Standard Book Number | 8126001488 |
| 035 ## - SYSTEM CONTROL NUMBER | |
| System control number | A-845260 |
| 037 ## - SOURCE OF ACQUISITION | |
| Stock number | Cen Lib/Ret |
| 040 ## - CATALOGING SOURCE | |
| Original cataloging agency | DPL |
| Language of cataloging | PA |
| 082 ## - DEWEY DECIMAL CLASSIFICATION NUMBER | |
| Classification number | ਓ |
| Item number | ਖਾਂਡੇਕ |
| 100 ## - MAIN ENTRY--PERSONAL NAME | |
| Personal name | ਖਾਂਡੇਕਰ, ਵਿਸੰਨੂ ਸਖਾਰਾਮ |
| 9 (RLIN) | 138090 |
| 245 ## - TITLE STATEMENT | |
| Title | ਯਯਾਤੀ / |
| Statement of responsibility, etc | ਖਾਂਡੇਕਰ, ਵਿਸੰਨੂ ਸਖਾਰਾਮ ; ਅਨੁਵਾਦਕ ਮਨਜੀਤ ਸਿੰਘ |
| 246 ## - VARYING FORM OF TITLE | |
| Title proper/short title | Yayati / |
| Remainder of title | by Vishnu Sakharam Khabekar ; translated by Manjeet Singh |
| 260 ## - PUBLICATION, DISTRIBUTION, ETC. (IMPRINT) | |
| Place of publication, distribution, etc | ਨਵੀ ਦਿੱਲੀ |
| Name of publisher, distributor, etc | ਸਾਹਿਤ ਅਕਾਦੇਮੀ |
| Date of publication, distribution, etc | 1997 |
| 270 ## - ADDRESS | |
| City | ਨਵੀ ਦਿੱਲੀ |
| Address | ਰਵਿੰਦਰ ਭਵਨ 35, ਫੀਰੋਜ਼ਸ਼ਾਹ ਮਾਰਗ |
| Postal code | 110001 |
| 300 ## - PHYSICAL DESCRIPTION | |
| Extent | 416p ; |
| Other physical details | 24cm(Hb) |
| 500 ## - GENERAL NOTE | |
| General note | ਸਾਹਿਤ ਅਕਾਦੇਮੀ ਵਲੇੰ ਸਨਮਾਨਿਤ ਮਰਾਠੀ ਨਾਵਲ |
| 650 ## - SUBJECT ADDED ENTRY--TOPICAL TERM | |
| Topical term or geographic name as entry element | ਸਾਹਿਤ --ਪੰਜਾਬੀ |
| 9 (RLIN) | 138091 |
| 650 ## - SUBJECT ADDED ENTRY--TOPICAL TERM | |
| Topical term or geographic name as entry element | ਪੰਜਾਬੀ -- ਨਾਵਲ |
| 9 (RLIN) | 138092 |
| 650 ## - SUBJECT ADDED ENTRY--TOPICAL TERM | |
| Topical term or geographic name as entry element | literature--Punjabi |
| 9 (RLIN) | 138093 |
| 650 ## - SUBJECT ADDED ENTRY--TOPICAL TERM | |
| Topical term or geographic name as entry element | Punjabi-- noval |
| 9 (RLIN) | 115816 |
| 700 ## - ADDED ENTRY--PERSONAL NAME | |
| Personal name | ਮਨਜੀਤ ਸਿੰਘ |
| 9 (RLIN) | 138094 |
| 942 ## - ADDED ENTRY ELEMENTS (KOHA) | |
| Source of classification or shelving scheme | Dewey Decimal Classification |
| Koha item type | Punjabi Bks |
| Classification part | ਓ |
| Call number suffix | ਖਾਂਡੇਕ |
| Withdrawn status | Lost status | Damaged status | Not for loan | Home library | Current library | Date acquired | Source of acquisition | Cost, normal purchase price | Total Checkouts | Full call number | Barcode | Date last seen | Copy number | Cost, replacement price | Price effective from | Koha item type |
|---|---|---|---|---|---|---|---|---|---|---|---|---|---|---|---|---|
| Central Library | Central Library | 13/01/2016 | Cen Lib/Ret | 150.00 | ਓ ਖੰਡੇਕ | A-845260 | 13/01/2016 | 1 | 150.00 | 13/01/2016 | Punjabi Bks |
